| 000 | 00420nam a2200169Ia 4500 | ||
|---|---|---|---|
| 008 | 230524s9999 xx 000 0 und d | ||
| 020 | _a9789380578859 | ||
| 082 |
_a620.106 _bSAW |
||
| 100 |
_aG.S. Sawhney _942929 |
||
| 245 | 0 | _aFundamentals of Fluid Mechanics | |
| 250 | _a2 | ||
| 260 |
_bI.K.International _c2012 |
||
| 300 | _a"VII,753p;" | ||
| 500 | _aQuantity Number: 1 | ||
| 650 | _aMechanics | ||
| 942 | _cBK | ||
| 999 |
_c57893 _d57893 |
||